Project management and project network techniques / (Record no. 7936)
[ view plain ]
| 000 -LEADER | |
|---|---|
| fixed length control field | 00808nam a22002412 4500 |
| 001 - CONTROL NUMBER | |
| control field | 0000009506 |
| 005 - DATE AND TIME OF LATEST TRANSACTION | |
| control field | 20151217152056.0 |
| 008 - FIXED-LENGTH DATA ELEMENTS--GENERAL INFORMATION | |
| fixed length control field | 081102s xx 000 0 eng d |
| 020 ## - INTERNATIONAL STANDARD BOOK NUMBER | |
| International Standard Book Number | 0273693786 : |
| Terms of availability | KES 2520 |
| 040 ## - CATALOGING SOURCE | |
| Original cataloging agency | KABU |
| Transcribing agency | KABU |
| 100 1# - MAIN ENTRY--PERSONAL NAME | |
| Personal name | Lockyer, Keith. |
| -- | 0000161044 |
| 245 10 - TITLE STATEMENT | |
| Title | Project management and project network techniques / |
| Statement of responsibility, etc. | Keith Lockyer, James Gordon. |
| 250 ## - EDITION STATEMENT | |
| Edition statement | 7th ed. |
| 260 ## - PUBLICATION, DISTRIBUTION, ETC. (IMPRINT) | |
| Place of publication, distribution, etc. | Harlow, England : |
| Name of publisher, distributor, etc. | Prentice Hall, |
| Date of publication, distribution, etc. | 2005. |
| 300 ## - PHYSICAL DESCRIPTION | |
| Extent | xii, 257 p. |
| 500 ## - GENERAL NOTE | |
| General note | 7th ed. of Critical path analysis and other project network techniques. |
| 650 #0 - SUBJECT ADDED ENTRY--TOPICAL TERM | |
| Topical term or geographic name as entry element | Critical path analysis. |
| -- | 0000156515 |
| 650 #0 - SUBJECT ADDED ENTRY--TOPICAL TERM | |
| Topical term or geographic name as entry element | Project management. |
| -- | 0000148291 |
| 700 1# - ADDED ENTRY--PERSONAL NAME | |
| Personal name | Gordon, James. |
| -- | 0000161045 |
| 908 ## - PUT COMMAND PARAMETER (RLIN) | |
| Put command parameter | 081102 |
| 950 ## - LOCAL HOLDINGS (RLIN) | |
| -- | 1 |
| Withdrawn status | Lost status | Source of classification or shelving scheme | Not for loan | Home library | Current library | Date acquired | Total Checkouts | Full call number | Barcode | Date last seen | Price effective from | Koha item type |
|---|---|---|---|---|---|---|---|---|---|---|---|---|
| Library of Congress Classification | Kabarak, Main Campus | Kabarak, Main Campus | 17/12/2015 | TS158 .L63 2005 c. 1 | 15145 | 17/12/2015 | 17/12/2015 | General Collection |